[Event "IRI-chT S2 17th"]
[Site "Tehran"]
[Date "2019.04.19"]
[Round "7.2"]
[White "Daghli, Arash"]
[Black "Avakh, E."]
[Result "1/2-1/2"]
[WhiteElo "2332"]
[BlackElo "2153"]
[PlyCount "149"]
[EventDate "2019.04.15"]
[EventType "team-swiss"]
[EventRounds "7"]
[EventCountry "IRI"]
[SourceTitle "CBM 189 Extra"]
[Source "ChessBase"]
[SourceDate "2019.06.03"]
[SourceVersion "1"]
[SourceVersionDate "2019.06.03"]
[SourceQuality "1"]
[WhiteTeam "Esfahan Zob Ahan"]
[BlackTeam "Rasht Donyaye Felez"]
[WhiteTeamCountry "IRI"]
[BlackTeamCountry "IRI"]

1. d4 d5 2. c4 c6 3. cxd5 cxd5 4. Bf4 Nc6 5. e3 Nf6 6. Nc3 e6 7. Bd3 Bd6 8. Bxd6 Qxd6 9. f4 Bd7 10. Nf3 Rc8 11. 0-0 Ng4 12. Qd2 f5 13. Ne5 Nf6 14. h3 0-0 15. Rac1 Qe7 16. Rfd1 a6 17. b3 Nxe5 18. dxe5 Ne8 19. Ne2 Nc7 20. Nd4 Qa3 21. g4 g6 22. Kh2 Kh8 23. b4 Nb5 24. Bxb5 axb5 25. gxf5 gxf5 26. Rxc8 Rxc8 27. Rg1 Rg8 28. Rc1 Qa8 29. Rc7 Qd8 30. Rc2 Qh4 31. Qf2 Qxf2+ 32. Rxf2 Rc8 33. Kg3 Rc3 34. Kf3 Kg7 35. Rg2+ Kf7 36. h4 Rc1 37. h5 Rf1+ 38. Ke2 Rh1 39. Kd3 Rxh5 40. Rc2 Ke8 41. Rc7 Rh2 42. Rxb7 Rxa2 43. Nb3 Ra3 44. Kc2 Ra2+ 45. Kc3 Rg2 46. Nc5 Bc6 47. Rxh7 d4+ 48. Kxd4 Bd5 49. Na6 Bc4 50. Kc5 Rc2 51. Kb6 Rb2 52. Kc5 Rc2 53. Nb8 Rc3 54. Na6 Kd8 55. Rh8+ Kd7 56. Kb6 Rxe3 57. Rg8 Rf3 58. Nb8+ Ke7 59. Rg7+ Kf8 60. Rh7 Kg8 61. Rh4 Rd3 62. Nc6 Kf7 63. Kc5 Rd5+ 64. Kb6 Rd1 65. Kc5 Rd5+ 66. Kb6 Rd1 67. Na7 Rd8 68. Kc6 Rb8 69. Kc7 Ra8 70. Kb6 Rb8+ 71. Kc7 Ra8 72. Kb6 Rb8+ 73. Kc5 Rd8 74. Nc6 Rd5+ 75. Kb6 1/2-1/2

[Event "IRI-chT 17th"]
[Site "Rasht"]
[Date "2018.11.01"]
[Round "2.2"]
[White "Avakh, E."]
[Black "Bagheri, Maziar"]
[Result "0-1"]
[WhiteElo "2154"]
[BlackElo "2281"]
[PlyCount "94"]
[EventDate "2018.10.31"]
[EventType "team-swiss"]
[EventRounds "7"]
[EventCountry "IRI"]
[SourceTitle "CBM 187 Extra"]
[Source "ChessBase"]
[SourceDate "2018.11.04"]
[SourceVersion "1"]
[SourceVersionDate "2018.11.04"]
[SourceQuality "1"]
[WhiteTeam "Rasht Donyaye Felez"]
[BlackTeam "Daneshgah Azad"]
[WhiteTeamCountry "IRI"]
[BlackTeamCountry "IRI"]

1. d4 d5 2. Nf3 Nf6 3. Bf4 c6 4. e3 Bg4 5. Nbd2 e6 6. c4 Nbd7 7. Qb3 Qb6 8. c5 Qxb3 9. axb3 a6 10. b4 Rc8 11. Nb3 Nh5 12. Be2 Nxf4 13. exf4 Be7 14. Ne5 Bxe2 15. Kxe2 f6 16. Nf3 Kf7 17. Nc1 Bd8 18. Nd3 Bc7 19. Rae1 Rce8 20. Kd2 g5 21. fxg5 e5 22. gxf6 e4 23. Nde5+ Nxe5 24. Nxe5+ Bxe5 25. dxe5 Rxe5 26. f4 Rf5 27. Ke3 h5 28. g3 Rxf6 29. Rhg1 Rg6 30. Rg2 Kf6 31. h3 Rhg8 32. Reg1 Kf5 33. Kd4 R6g7 34. Ke3 Kf6 35. Kd4 Ke6 36. Ke3 Kf5 37. Kd4 Re8 38. Re1 Ree7 39. Ke3 Rg8 40. Kd4 Rd8 41. Ree2 Rde8 42. Ke3 Rg8 43. Re1 d4+ 44. Kxd4 Rd7+ 45. Ke3 Rd3+ 46. Kf2 Rf3+ 47. Ke2 Rgxg3 0-1